Taylor Swift - Tracklist The Life of a Showgirl - Statistiques

Statistiques générales
  • Ce quiz a été pris 45 fois
  • Le résultat moyen est 10 sur 12
Statistiques - réponses
Numéro Titre % Correct
12. (feat Sabrina Carpenter) The Life of a Showgirl
96%
10. CANCELLED!
93%
5. Eldest Daughter
93%
2. Elizabeth Taylor
93%
3. Opalite
93%
9. Wood
93%
1. The Fate of Ophelia
89%
8. Wi$h Li$t
89%
6. Ruin The Friendship
81%
4. Father Figure
74%
11. Honey
74%
7. Actually Romantic
67%
Aucun quiz correspondant
Distribution des résultats
% des personnes avec chaque résultat
Percentile par nombre de réponses
Votre historique - résultats
Vous n’avez pas pris ce quiz